Movies Quiz

Random Movies or Role Quiz

Actors by Role II Quiz Stats

Quiz Updated Jan 31, 2012

Also try: Actors by Role
Challenge
Share
Tweet
Embed
Score 0/18 Timer 06:00
0 Plays Today
Roles Actor/Actress % Correct
Billy Costigan, Jack Dawson, Frank WheelerLeonardo DiCaprio
73.4%
Tony Manero, Edna Turnblad, Vincent VegaJohn Travolta
73%
Tom Ripley, James Ryan, Colin SullivanMatt Damon
67.3%
Lester Burnham, Roger 'Verbal' Kint, Jack VincennesKevin Spacey
54%
Rick Deckard, Richard Kimble, James MarshallHarrison Ford
49.1%
Alfie Elkins, Harry Palmer, Alfred PennyworthMichael Caine
44%
Dana Barrett, Alice Goodwin, Ellen RipleySigourney Weaver
43%
Rose DeWitt Bukater, Clementine Kruczynski, Hanna SchmitzKate Winslet
41.7%
Josh Baskin, Andrew Beckett, John MillerTom Hanks
31.6%
Roles Actor/Actress % Correct
Tom Hagen, Bill Kilgore, Mac SledgeRobert Duvall
28.6%
Ed Tom Bell, Samuel Gerard, Doolittle LynnTommy Lee Jones
26.8%
Marge Gunderson, Linda Litzke, Elaine MillerFrances McDormand
24.5%
Montel Gordon, Paul Rusesabagina, Basher TarrDon Cheadle
20.5%
Benjamin Braddock, Michael Dorsey, Jules HilbertDustin Hoffman
19.9%
Claire Lewicki, Chase Meridian, Ada MonroeNicole Kidman
17.2%
Maggie Fitzgerald, Holly Kennedy, Julie PierceHilary Swank
10.1%
Joe Buck, Leo Drummond, Luke MartinJon Voight
8.4%
Annabel Andrews, Iris Steensma, Sarah TobiasJodie Foster
5.9%

You're not logged in!

Compare scores with friends on all Sporcle quizzes.
Join for Free
OR
Log In

You Might Also Like...

Show Comments

Extras

Top Quizzes Today


Score Distribution

Your Account Isn't Verified!

In order to create a playlist on Sporcle, you need to verify the email address you used during registration. Go to your Sporcle Settings to finish the process.

Report this User

Report this user for behavior that violates our Community Guidelines.

Details: